000 01416cam a22001814a 4500
005 20250605164405.0
008 250528s ||||||||||||||||||||||||d
035 _a24809
040 _aGR-AtMCL
_bgre
_dGR-AtMCL
_eAACR2
245 1 _aΑφιέρωμα στις Καλοήθεις Πάθήσεις Πάχεός Εντέρου και Πρωκτού (α' μέρος)
260 _bΥγεία,
_c2022
300 _a44
520 _aΠολύποδες Παχέος Εντέρου, Η Επιλογή Βιολογικού Παράγοντα στην Αντιμετώπιση της Νόσου Crohn, Ελκώδης Κολίτιδα, Εκκολπωμάτωση και Εκκολπωματίθτιδα, Εκκολπωματίτιδα και Χειρουργική Αντιμετώπιση, Αιμορροϊδοπάθεια, Περιεδρικά και Περιορθικά Αποστήματα και Συρρίγγια, Ο Ρόλος της Μαγνητικής Τομογραφίας στη Χαρτογράφηση των Περιεδρικών Συριγγίων, Ραγάδα Πρωκτού, Πρόπτωση Ορθού, Πρόσφατες Εξελίξεις; στη Διαχείριση της Ακράτειας των Κοπράνων - Προκλήσεις και Λύσεις.
700 1 _aΑποστολάκης Ιωάννης
_99425
942 _cCR
999 _c9654
_d9654